[Event "81759 VII. Rakosmente Open"]
[Site "Budapest, Hungary"]
[Date "2013.09.13"]
[Round "1.1"]
[White "Mezei, Csaba"]
[Black "Szoukup, Istvan"]
[Result "1-0"]
[WhiteElo "2127"]
[BlackElo "1767"]
[PlyCount "63"]
[EventDate "2013.??.??"]

1. d4 Nf6 2. Bf4 g6 3. h3 Bg7 4. Nf3 d5 5. e3 c5 6. c3 cxd4 7. cxd4 Nc6 8. Nc3
a6 9. Bd3 b5 10. O-O O-O 11. Rc1 Bb7 12. a3 Rc8 13. Nd2 Nd7 14. Nxd5 e5 15.
dxe5 Ndxe5 16. Be4 f5 17. Bxe5 Nxe5 18. Nf6+ Bxf6 19. Bxb7 Rxc1 20. Qxc1 Nd3
21. Qc6 Bxb2 22. Qxa6 Nc5 23. Qxb5 Qxd2 24. Qxc5 Qc3 25. Qd5+ Kg7 26. a4 Qe5
27. Qxe5+ Bxe5 28. a5 Bb8 29. a6 Rd8 30. Bf3 Rd7 31. Rb1 Rd8 32. a7 1-0

[Event "81759 VII. Rakosmente Open"]
[Site "Budapest, Hungary"]
[Date "2013.09.13"]
[Round "1.2"]
[White "Czimer, Jozsef"]
[Black "Piroska, Istvan"]
[Result "1/2-1/2"]
[WhiteElo "1700"]
[BlackElo "2115"]
[PlyCount "108"]
[EventDate "2013.??.??"]

1. e4 e5 2. Nf3 Nc6 3. Bb5 a6 4. Bxc6 dxc6 5. O-O Bg4 6. h3 h5 7. d3 Qf6 8. Be3
Bxf3 9. Qxf3 Qxf3 10. gxf3 Bd6 11. Nc3 Ne7 12. Ne2 Ng6 13. Kh1 O-O-O 14. Rg1 h4
15. Rg4 c5 16. f4 exf4 17. Nxf4 Bxf4 18. Bxf4 c4 19. dxc4 Rd4 20. Be3 Rxc4 21.
Rc1 Re8 22. f3 Rc6 23. Bd4 Rd8 24. Bxg7 Rd2 25. f4 Rf2 26. f5 Nf4 27. Bd4 Nxh3
28. Rg8+ Kd7 29. Bxf2 Nxf2+ 30. Kg1 Nxe4 31. Rg4 Ng3 32. Rd1+ Ke7 33. c3 Nxf5
34. Rf4 Ke6 35. Re1+ Kf6 36. Ref1 Rc5 37. Rxh4 Re5 38. Rh2 Ke6 39. Kf2 Ne3 40.
Rg1 f5 41. Rh7 Ng4+ 42. Kf3 Re3+ 43. Kf4 Re2 44. Rb1 Rf2+ 45. Kg3 Rd2 46. Rxc7
Ne5 47. Rxb7 Rd3+ 48. Kf2 f4 49. Rb6+ Kf5 50. Rxa6 Rd2+ 51. Kf1 Nf3 52. Rh6 Kg4
53. Rg6+ Kh3 54. a4 Nh2+ 1/2-1/2

[Event "81759 VII. Rakosmente Open"]
[Site "Budapest, Hungary"]
[Date "2013.09.13"]
[Round "1.3"]
[White "Suranyi, Pal"]
[Black "Kovacsy, Barnabas"]
[Result "1-0"]
[WhiteElo "2108"]
[BlackElo "1556"]
[PlyCount "65"]
[EventDate "2013.??.??"]

1. d4 Nf6 2. Nf3 g6 3. c4 Bg7 4. g3 d5 5. cxd5 Nxd5 6. Bg2 Nc6 7. h3 O-O 8. O-O
Nb6 9. e3 e5 10. dxe5 Nxe5 11. Nxe5 Bxe5 12. Qc2 c6 13. e4 Qc7 14. Be3 Be6 15.
Nd2 Rad8 16. Rad1 Qc8 17. Kh2 Bg7 18. b3 Qc7 19. Nf3 Qc8 20. Bg5 Rxd1 21. Rxd1
f6 22. Bf4 Rd8 23. Re1 Qd7 24. Bf1 Bf7 25. Be2 Qe8 26. Be3 Rd7 27. a4 Qa8 28.
a5 Nc8 29. Nd2 Be6 30. Bc4 Bf7 31. Bxf7+ Kxf7 32. Qc4+ Kf8 33. Qe6 1-0

[Event "81759 VII. Rakosmente Open"]
[Site "Budapest, Hungary"]
[Date "2013.09.13"]
[Round "1.4"]
[White "Major, Marcell"]
[Black "Keszi, Janos"]
[Result "0-1"]
[WhiteElo "1516"]
[BlackElo "2084"]
[PlyCount "46"]
[EventDate "2013.??.??"]

1. e4 c5 2. Nf3 d6 3. d4 cxd4 4. Nxd4 Nf6 5. Nc3 a6 6. f3 e5 7. Nb3 Be6 8. Be2
Nbd7 9. Be3 Qc7 10. Qd2 Be7 11. O-O-O O-O 12. h4 b5 13. Nb1 Rac8 14. h5 d5 15.
Bd3 d4 16. Bg5 Bxb3 17. axb3 Nc5 18. Nc3 Nxd3+ 19. cxd3 b4 20. h6 Qa5 21. Kb1
bxc3 22. bxc3 Rxc3 23. Kb2 Rb8 0-1

[Event "81759 VII. Rakosmente Open"]
[Site "Budapest, Hungary"]
[Date "2013.09.13"]
[Round "1.5"]
[White "Mester, Attila"]
[Black "Filep, Gyorgy Dr"]
[Result "1-0"]
[WhiteElo "2071"]
[BlackElo "1514"]
[PlyCount "75"]
[EventDate "2013.??.??"]

1. e4 c6 2. d4 d5 3. e5 Bf5 4. h4 e6 5. g4 Be4 6. f3 Be7 7. fxe4 Bxh4+ 8. Ke2
dxe4 9. Nc3 f5 10. exf6 Bxf6 11. Be3 Ne7 12. Nxe4 Nd5 13. Qd2 Nxe3 14. Nxf6+
Qxf6 15. Qxe3 Nd7 16. g5 Qf5 17. Kd2 O-O-O 18. Bd3 Qa5+ 19. c3 g6 20. Nf3 Rde8
21. Ne5 Nxe5 22. Qxe5 Qxe5 23. dxe5 Rd8 24. Kc2 Kd7 25. Raf1 Ke7 26. Rf6 Rd5
27. Bxg6 Rxe5 28. Rf7+ Kd6 29. Rxb7 Rxg5 30. Rd1+ Rd5 31. Rxd5+ cxd5 32. Bxh7
a5 33. Kd2 e5 34. Ra7 e4 35. Ke3 Kc5 36. b3 Rf8 37. Rxa5+ Kd6 38. Kd4 1-0

[Event "81759 VII. Rakosmente Open"]
[Site "Budapest, Hungary"]
[Date "2013.09.13"]
[Round "1.6"]
[White "Makrai, Bence"]
[Black "Molnar, Laszlo"]
[Result "0-1"]
[WhiteElo "1486"]
[BlackElo "2041"]
[PlyCount "68"]
[EventDate "2013.??.??"]

1. d4 Nf6 2. c4 g6 3. Nc3 Bg7 4. Nf3 d6 5. e4 O-O 6. Be2 e5 7. h3 exd4 8. Nxd4
Re8 9. Qd3 Nbd7 10. Nb3 Ne5 11. Qc2 Be6 12. Nd5 c6 13. Nxf6+ Qxf6 14. O-O Rad8
15. Be3 c5 16. Qd2 Nxc4 17. Bxc4 Bxc4 18. Rfb1 Qe6 19. f3 b6 20. Rd1 d5 21. Bh6
Bxh6 22. Qxh6 dxe4 23. Qh4 Rxd1+ 24. Rxd1 exf3 25. gxf3 Qe3+ 26. Qf2 Qxf2+ 27.
Kxf2 Re2+ 28. Kg3 Bxb3 29. axb3 Rxb2 30. Rd3 Kg7 31. f4 Kf6 32. Kf3 h5 33. Ke4
Ke6 34. Kf3 b5 0-1

[Event "81759 VII. Rakosmente Open"]
[Site "Budapest, Hungary"]
[Date "2013.09.13"]
[Round "1.7"]
[White "Marosi, Levente"]
[Black "Lakatos, Tamas"]
[Result "1-0"]
[WhiteElo "2037"]
[BlackElo "1441"]
[PlyCount "87"]
[EventDate "2013.??.??"]

1. e4 c6 2. d4 d5 3. Nc3 dxe4 4. Nxe4 Bf5 5. Ng3 Bg6 6. h4 h6 7. Nf3 Nd7 8. h5
Bh7 9. Bd3 Bxd3 10. Qxd3 e6 11. Bd2 Ngf6 12. O-O-O Qc7 13. Ne4 Be7 14. Kb1
O-O-O 15. c4 Nxe4 16. Qxe4 Nf6 17. Qe2 Rhe8 18. g3 Qb6 19. Bc3 Bb4 20. Rd3 Bxc3
21. Rxc3 Kb8 22. Rd1 Qc7 23. Ne5 c5 24. Rcd3 cxd4 25. Rxd4 Kc8 26. g4 a6 27. f4
Rxd4 28. Rxd4 Rd8 29. Qd2 Rxd4 30. Qxd4 Qd8 31. Qxd8+ Kxd8 32. Nxf7+ Ke7 33.
Ne5 Kd6 34. Kc2 Kc5 35. Kd3 b5 36. b3 b4 37. Ke3 a5 38. Kd3 Kd6 39. Kd4 Kc7 40.
Kc5 Ne4+ 41. Kb5 Nc3+ 42. Kxa5 Nxa2 43. Kb5 Kb7 44. Nd7 1-0

[Event "81759 VII. Rakosmente Open"]
[Site "Budapest, Hungary"]
[Date "2013.09.13"]
[Round "1.8"]
[White "Czipp, Janos"]
[Black "Yip, Michael"]
[Result "0-1"]
[WhiteElo "1418"]
[BlackElo "1993"]
[PlyCount "58"]
[EventDate "2013.??.??"]

1. Nf3 d6 2. c4 e5 3. g3 f5 4. d3 Nf6 5. Bg5 Be7 6. Bg2 O-O 7. Qc2 c6 8. Nbd2
h6 9. h4 Be6 10. Be3 Nbd7 11. O-O Ng4 12. Qb3 Qc7 13. d4 f4 14. d5 fxe3 15.
fxe3 Nc5 16. Qc2 Bf5 17. e4 Bg6 18. Nh2 Nxh2 19. Kxh2 a5 20. Bf3 Qd7 21. Rf2
Rf7 22. Nf1 cxd5 23. cxd5 Bxe4 24. Bxe4 Rxf2+ 25. Kg1 Nxe4 26. Qxe4 Raf8 27.
Ne3 Qh3 28. Ng2 Qxg3 29. Rd1 R8f4 0-1

[Event "81759 VII. Rakosmente Open"]
[Site "Budapest, Hungary"]
[Date "2013.09.13"]
[Round "1.9"]
[White "Bartuszek, Andras"]
[Black "Novak, Levente Peter"]
[Result "1-0"]
[WhiteElo "1899"]
[BlackElo "1411"]
[PlyCount "89"]
[EventDate "2013.??.??"]

1. e4 e5 2. Nf3 Nc6 3. Bb5 a6 4. Ba4 Nf6 5. d3 b5 6. Bb3 Be7 7. c3 d6 8. h3 Na5
9. Bc2 c5 10. Be3 Nc6 11. a4 Bb7 12. Na3 Qa5 13. O-O O-O 14. Bd2 Qb6 15. Bb3
Rad8 16. axb5 axb5 17. c4 b4 18. Nb5 Ra8 19. Qe2 Rxa1 20. Rxa1 Ra8 21. Qd1 Ba6
22. Bg5 Na7 23. Nc7 Qxc7 24. Rxa6 Qb7 25. Bxf6 Qxa6 26. Bxe7 f6 27. Nh4 Nc6 28.
Nf5 Nd4 29. Nxd4 exd4 30. Qg4 Kf7 31. Bxf6 Kxf6 32. Qf5+ Ke7 33. Qxh7 Qa1+ 34.
Kh2 Kd7 35. Qxg7+ Kc6 36. e5 Re8 37. exd6 Kxd6 38. Qf6+ Kd7 39. Qf5+ Re6 40.
Qxc5 Qc1 41. Qxd4+ Ke7 42. c5 Kf7 43. Qd7+ Kf6 44. Qxe6+ Kg5 45. Qe3+ 1-0

[Event "81759 VII. Rakosmente Open"]
[Site "Budapest, Hungary"]
[Date "2013.09.14"]
[Round "2.2"]
[White "Molnar, Laszlo"]
[Black "Mezei, Csaba"]
[Result "1/2-1/2"]
[WhiteElo "2041"]
[BlackElo "2127"]
[PlyCount "116"]
[EventDate "2013.??.??"]

1. e4 Nf6 2. e5 Nd5 3. g3 e6 4. Bg2 c6 5. d4 b5 6. Ne2 Bb7 7. O-O a5 8. Nbc3
Qb6 9. Nxd5 cxd5 10. Kh1 Nc6 11. f4 g6 12. g4 Ne7 13. Ng3 Nc6 14. c3 b4 15. f5
Ba6 16. fxg6 hxg6 17. Rf3 d6 18. exd6 Bxd6 19. Bf4 Be7 20. Qe1 Rh7 21. Rc1 a4
22. Bf1 a3 23. bxa3 bxc3 24. Rfxc3 Nxd4 25. Be3 Nf3 26. Qf2 d4 27. Bxd4 Nxd4
28. Bxa6 Rxa6 29. Rc8+ Bd8 30. Ne4 Rh8 31. Qf6 Rf8 32. Nc5 Nc6 33. Nxa6 Ne7 34.
Nc7+ Kd7 35. Rxd8+ Rxd8 36. Qxf7 Qd6 37. Qf1 Nd5 38. Qb5+ Ke7 39. Nxd5+ Qxd5+
40. Qxd5 Rxd5 41. Kg2 g5 42. Rc3 Rd2+ 43. Kg3 Rd1 44. a4 Rg1+ 45. Kf3 Rf1+ 46.
Kg2 Rf4 47. Ra3 Rxg4+ 48. Kf3 Rf4+ 49. Kg3 Kd6 50. a5 Kc7 51. a6 Kb8 52. a7+
Ka8 53. Ra6 Re4 54. Ra5 g4 55. a3 e5 56. a4 Re2 57. Kxg4 e4 58. Kf4 e3 1/2-1/2

[Event "81759 VII. Rakosmente Open"]
[Site "Budapest, Hungary"]
[Date "2013.09.14"]
[Round "2.3"]
[White "Yip, Michael"]
[Black "Suranyi, Pal"]
[Result "0-1"]
[WhiteElo "1993"]
[BlackElo "2108"]
[PlyCount "52"]
[EventDate "2013.??.??"]

1. d4 Nf6 2. c4 g6 3. Nc3 d5 4. Nf3 Bg7 5. Qb3 dxc4 6. Qxc4 a6 7. e4 O-O 8. Qb3
Nc6 9. d5 Na5 10. Qa3 b6 11. Be3 c5 12. dxc6 Nxc6 13. Rd1 Qc7 14. Be2 Bb7 15.
O-O b5 16. Nd5 Nxd5 17. exd5 Ne5 18. Bc5 Rfd8 19. d6 exd6 20. Bxd6 Qc2 21. Nxe5
Qxe2 22. Rfe1 Qc2 23. Rc1 Qf5 24. Nc6 Bxc6 25. Rxc6 Qd5 26. Rec1 Bf8 0-1

[Event "81759 VII. Rakosmente Open"]
[Site "Budapest, Hungary"]
[Date "2013.09.14"]
[Round "2.4"]
[White "Keszi, Janos"]
[Black "Marosi, Levente"]
[Result "0-1"]
[WhiteElo "2084"]
[BlackElo "2037"]
[PlyCount "92"]
[EventDate "2013.??.??"]

1. d4 Nf6 2. Nf3 g6 3. Bg5 Bg7 4. Nbd2 c5 5. e3 O-O 6. Be2 d6 7. O-O Nbd7 8. c3
b6 9. a4 a6 10. Qb3 Bb7 11. Rfd1 Qc7 12. Bf1 Rfe8 13. Rac1 Bd5 14. Qc2 e5 15.
e4 Bc6 16. d5 Bb7 17. h3 h6 18. Be3 Nh5 19. g3 Rf8 20. Nh4 Ndf6 21. b4 Nh7 22.
bxc5 bxc5 23. Be2 N5f6 24. Nc4 Ng5 25. Bxg5 hxg5 26. Ng2 Bc8 27. g4 Nd7 28.
Nge3 Bf6 29. Rb1 Kg7 30. a5 Be7 31. Nb6 Nxb6 32. Rxb6 Qd7 33. Nc4 Ra7 34. Rdb1
Qc7 35. Rc6 Qd8 36. Rbb6 Bb7 37. Rxd6 Bxd6 38. Nxd6 Qd7 39. Qd2 f6 40. Qe3 Qc7
41. Bc4 Rd8 42. Nxb7 Rxb7 43. Rxb7 Qxb7 44. Qxc5 Re8 45. Qb6 Qxb6 46. axb6 Rb8
0-1

[Event "81759 VII. Rakosmente Open"]
[Site "Budapest, Hungary"]
[Date "2013.09.14"]
[Round "2.5"]
[White "Piroska, Istvan"]
[Black "Bartuszek, Andras"]
[Result "1-0"]
[WhiteElo "2115"]
[BlackElo "1899"]
[PlyCount "94"]
[EventDate "2013.??.??"]

1. e4 c5 2. Nf3 d6 3. d4 cxd4 4. Nxd4 Nf6 5. Nc3 a6 6. Bd3 Nc6 7. Nb3 g6 8. O-O
Bg7 9. h3 O-O 10. f4 Qc7 11. Be3 e6 12. Qd2 b5 13. a3 Bb7 14. Rad1 Rad8 15. Qf2
Rd7 16. Qh4 Qd8 17. e5 Nd5 18. Qxd8 Rfxd8 19. Nxd5 exd5 20. Bb6 Re8 21. exd6
Rxd6 22. c3 Nb8 23. Bc5 Rc6 24. Rfe1 Rce6 25. Rxe6 fxe6 26. Nd4 Nd7 27. Bd6 Kf7
28. Bc2 e5 29. fxe5 Bxe5 30. Rf1+ Kg8 31. Bb4 Bg3 32. a4 Nb6 33. axb5 axb5 34.
Bd3 Nc4 35. b3 Nd2 36. Rd1 Ne4 37. Bxb5 Rc8 38. Ne2 Be5 39. c4 dxc4 40. Bxc4+
Rxc4 41. bxc4 Bc6 42. Nd4 Bxd4+ 43. Rxd4 Ng3 44. Rd6 Be4 45. c5 Nf5 46. Rd7 Bc6
47. Rc7 Ne7 1-0

[Event "81759 VII. Rakosmente Open"]
[Site "Budapest, Hungary"]
[Date "2013.09.14"]
[Round "2.6"]
[White "Szoukup, Istvan"]
[Black "Czimer, Jozsef"]
[Result "1-0"]
[WhiteElo "1767"]
[BlackElo "1700"]
[PlyCount "115"]
[EventDate "2013.??.??"]

1. d4 Nf6 2. c4 c5 3. d5 e6 4. Nc3 exd5 5. cxd5 d6 6. e4 g6 7. Nf3 Bg7 8. Be2
O-O 9. O-O a6 10. a4 Re8 11. Qc2 Bg4 12. h3 Bxf3 13. Bxf3 Nbd7 14. Bg5 h6 15.
Bh4 b6 16. Rfe1 Ne5 17. Be2 g5 18. Bg3 Ng6 19. Bf1 Nh5 20. Bh2 Qd7 21. Bxa6
Rxa6 22. Qe2 Ra5 23. Qxh5 Bxc3 24. bxc3 Kg7 25. Qg4 Qxg4 26. hxg4 Ne5 27. Bxe5+
Rxe5 28. f3 Re8 29. Reb1 Ra6 30. Rb5 Rea8 31. g3 f6 32. Kf2 Kf7 33. Ke3 Ke7 34.
Rb2 Kd7 35. Rh2 Rxa4 36. Rxa4 Rxa4 37. Rxh6 Ke7 38. Rh7+ Ke8 39. Rb7 Ra3 40.
Kd3 Rb3 41. f4 gxf4 42. gxf4 b5 43. Kc2 c4 44. g5 fxg5 45. fxg5 Kf8 46. g6 Ra3
47. Rxb5 Ra2+ 48. Rb2 Ra7 49. Rb6 Ra2+ 50. Kb1 Re2 51. Rxd6 Rxe4 52. Re6 Rg4
53. d6 Rg1+ 54. Kb2 Rd1 55. Ka3 Rb1 56. d7 Rb8 57. Re8+ Rxe8 58. g7+ 1-0

[Event "81759 VII. Rakosmente Open"]
[Site "Budapest, Hungary"]
[Date "2013.09.14"]
[Round "2.7"]
[White "Kovacsy, Barnabas"]
[Black "Czipp, Janos"]
[Result "1-0"]
[WhiteElo "1556"]
[BlackElo "1418"]
[PlyCount "85"]
[EventDate "2013.??.??"]

1. e4 e5 2. Nf3 Nc6 3. c3 Nf6 4. d4 exd4 5. e5 Qe7 6. cxd4 d6 7. Bb5 a6 8.
Bxc6+ bxc6 9. O-O Ne4 10. Qc2 Bb7 11. Qxe4 O-O-O 12. Qh4 Qe6 13. Qh3 Qxh3 14.
gxh3 c5 15. Ng5 Rd7 16. dxc5 dxe5 17. Nc3 Bxc5 18. Be3 Bxe3 19. fxe3 f6 20.
Nge4 Bxe4 21. Nxe4 Rhd8 22. Nc5 Rd2 23. b3 a5 24. Rf2 R2d5 25. Rc1 R8d6 26. Ne4
Re6 27. Rfc2 Re7 28. Rd2 Rxd2 29. Nxd2 Re6 30. Nc4 Rc6 31. a4 Kd7 32. Kf2 Rc5
33. Ke2 e4 34. Rd1+ Ke7 35. Rd4 f5 36. Kf2 g5 37. Kg3 h5 38. h4 g4 39. Kf4 Ke6
40. Rd8 Kf6 41. Ra8 Rd5 42. Rxa5 c5 43. Ra6+ 1-0

[Event "81759 VII. Rakosmente Open"]
[Site "Budapest, Hungary"]
[Date "2013.09.14"]
[Round "2.8"]
[White "Lakatos, Tamas"]
[Black "Major, Marcell"]
[Result "1-0"]
[WhiteElo "1441"]
[BlackElo "1516"]
[PlyCount "127"]
[EventDate "2013.??.??"]

1. e4 e5 2. Nf3 Nc6 3. Bb5 a6 4. Bxc6 dxc6 5. O-O Bg4 6. h3 h5 7. d3 Qf6 8.
Nbd2 Bxf3 9. Nxf3 Bc5 10. a3 Qd6 11. b4 Bd4 12. Nxd4 Qxd4 13. Be3 Qd6 14. Bc5
Qd7 15. f4 b6 16. Be3 f6 17. fxe5 fxe5 18. Bg5 Qd4+ 19. Kh2 Qd6 20. Qf3 Ne7 21.
Qf7+ Kd7 22. Qxg7 Rhg8 23. Qxe7+ Qxe7 24. Bxe7 Kxe7 25. Rf5 Ke6 26. Rxh5 Raf8
27. Rh6+ Kd7 28. Rh5 Kd6 29. Kg1 Rf6 30. Rf1 Rfg6 31. g4 c5 32. bxc5+ bxc5 33.
Rff5 Re6 34. g5 Rgg6 35. h4 Kc6 36. c4 Rd6 37. Rh6 Rxh6 38. gxh6 Rxh6 39. Rxe5
Rxh4 40. Re6+ Kb7 41. Kg2 Rg4+ 42. Kf3 Rh4 43. e5 Rh3+ 44. Ke4 Rh4+ 45. Kd5
Rd4+ 46. Kxc5 Rxd3 47. a4 Rd7 48. a5 Rf7 49. Re8 Rf5 50. Kd5 Rh5 51. c5 c6+ 52.
Kd6 Rh6+ 53. e6 Rh3 54. Re7+ Kb8 55. Kxc6 Rh8 56. Rb7+ Ka8 57. Rb6 Ka7 58. Kd7
Rh7+ 59. e7 Rh5 60. e8=Q Rd5+ 61. Kc8 Rxc5+ 62. Qc6 Rc4 63. Qxc4 Ka8 64. Qxa6#
1-0

[Event "81759 VII. Rakosmente Open"]
[Site "Budapest, Hungary"]
[Date "2013.09.14"]
[Round "2.10"]
[White "Novak, Levente Peter"]
[Black "Makrai, Bence"]
[Result "0-1"]
[WhiteElo "1411"]
[BlackElo "1486"]
[PlyCount "106"]
[EventDate "2013.??.??"]

1. e4 e5 2. Nf3 Nc6 3. Bb5 Nf6 4. O-O d6 5. Re1 a6 6. Ba4 b5 7. Bb3 Bb7 8. c3
Be7 9. d4 O-O 10. Nbd2 Nd7 11. Nf1 Na5 12. Bc2 c5 13. Ng3 Bf6 14. Nf5 Qc7 15.
Bg5 Rac8 16. Re2 Bxg5 17. Nxg5 Nf6 18. Nf3 Rfe8 19. Ng3 Nc4 20. b3 Nb6 21. Rc1
Rcd8 22. b4 h5 23. bxc5 dxc5 24. d5 Nc4 25. Bb3 Nd6 26. Ng5 Qd7 27. Re3 Qg4 28.
Qxg4 Nxg4 29. Ree1 Nf6 30. Bd1 g6 31. Re3 Rc8 32. Rf3 Kg7 33. Rb1 a5 34. Be2
Ba6 35. a4 Rb8 36. axb5 Bxb5 37. Bxb5 Rxb5 38. Rxb5 Nxb5 39. c4 Nd4 40. Ra3 Ra8
41. f3 a4 42. Kf2 Nd7 43. Ne2 Nb6 44. Nxd4 exd4 45. f4 Nxc4 46. Ra1 a3 47. Nf3
Nb2 48. Nd2 c4 49. d6 c3 50. Nb3 d3 51. Ke3 d2 52. d7 d1=Q 53. Rxd1 Nxd1+ 0-1

[Event "81759 VII. Rakosmente Open"]
[Site "Budapest, Hungary"]
[Date "2013.09.14"]
[Round "3.1"]
[White "Suranyi, Pal"]
[Black "Mester, Attila"]
[Result "1-0"]
[WhiteElo "2108"]
[BlackElo "2071"]
[PlyCount "83"]
[EventDate "2013.??.??"]

1. d4 f5 2. c4 Nf6 3. g3 g6 4. Bg2 Bg7 5. Nh3 d6 6. d5 O-O 7. O-O Na6 8. Be3 e5
9. dxe6 c6 10. Nd2 Nc7 11. Nb3 Nxe6 12. Nd4 Ng4 13. Nxe6 Bxe6 14. Bd4 Bh6 15.
Qc2 Qe7 16. Nf4 Bf7 17. h3 Ne5 18. b3 g5 19. Nd3 f4 20. Qc3 Rfe8 21. c5 Nxd3
22. exd3 dxc5 23. Bxc5 Qd7 24. Rae1 Bg7 25. Qd2 Qf5 26. Be7 f3 27. Bh1 h6 28.
Qb4 Bd5 29. Qxb7 Qxh3 30. Re3 Bd4 31. Bxf3 Bxe3 32. Bxd5+ cxd5 33. Qxd5+ Kg7
34. Qe5+ Kg8 35. Qd5+ Kg7 36. Qe5+ Kg8 37. Qxe3 Qd7 38. Re1 Rac8 39. Qe4 Qc6
40. Qc4+ Kh7 41. Qf7+ Kh8 42. Bf6+ 1-0

[Event "81759 VII. Rakosmente Open"]
[Site "Budapest, Hungary"]
[Date "2013.09.14"]
[Round "3.2"]
[White "Marosi, Levente"]
[Black "Molnar, Laszlo"]
[Result "1/2-1/2"]
[WhiteElo "2037"]
[BlackElo "2041"]
[PlyCount "30"]
[EventDate "2013.??.??"]

1. e4 Nf6 2. e5 Nd5 3. d4 d6 4. Nf3 dxe5 5. Nxe5 c6 6. Be2 Nd7 7. Nf3 N7b6 8.
O-O Bg4 9. h3 Bh5 10. Ne5 Bxe2 11. Qxe2 e6 12. c4 Nf6 13. Be3 Be7 14. Nc3 O-O
15. b3 Nbd7 1/2-1/2

[Event "81759 VII. Rakosmente Open"]
[Site "Budapest, Hungary"]
[Date "2013.09.14"]
[Round "3.3"]
[White "Abraham, Lajos"]
[Black "Piroska, Istvan"]
[Result "1/2-1/2"]
[WhiteElo "1818"]
[BlackElo "2115"]
[PlyCount "91"]
[EventDate "2013.??.??"]

1. Nf3 d5 2. e3 Nf6 3. c4 e6 4. Nc3 c6 5. a3 Nbd7 6. d4 Bd6 7. h3 O-O 8. Bd3 h6
9. O-O dxc4 10. Bxc4 e5 11. e4 exd4 12. Nxd4 Ne5 13. Be2 Ng6 14. Be3 Re8 15.
Bf3 Qe7 16. Nde2 Nh4 17. Ng3 Bxg3 18. fxg3 Nxf3+ 19. Qxf3 Nxe4 20. Qxe4 Qxe4
21. Nxe4 Rxe4 22. Rfe1 a5 23. Bb6 Rxe1+ 24. Rxe1 Be6 25. Re5 a4 26. Ra5 Rxa5
27. Bxa5 h5 28. Kf2 Kf8 29. Ke3 Bd5 30. Kf2 Ke7 31. g4 hxg4 32. hxg4 Kd6 33.
Bc3 f6 34. g5 Ke6 35. gxf6 gxf6 36. g3 Kf5 37. Ke3 Kg5 38. Bd4 f5 39. Bb6 Kg4
40. Bc7 b5 41. Bd6 Bb3 42. Kf2 Kg5 43. Ke3 Kf6 44. Kd4 Bd5 45. Bf4 Ke6 46. Kc5
1/2-1/2

[Event "81759 VII. Rakosmente Open"]
[Site "Budapest, Hungary"]
[Date "2013.09.14"]
[Round "3.4"]
[White "Mezei, Csaba"]
[Black "Keszi, Janos"]
[Result "0-1"]
[WhiteElo "2127"]
[BlackElo "2084"]
[PlyCount "116"]
[EventDate "2013.??.??"]

1. d4 Nf6 2. Bf4 d6 3. h3 b6 4. e3 Bb7 5. Nf3 g6 6. c3 Bg7 7. Bb5+ Nbd7 8. O-O
O-O 9. Nbd2 c5 10. Rc1 a6 11. Bc4 b5 12. Bd3 Qb6 13. Qe2 Rfe8 14. e4 cxd4 15.
cxd4 Nh5 16. Be3 Rec8 17. b3 Qd8 18. a3 Rxc1 19. Rxc1 Rc8 20. Qd1 e5 21. d5 Nc5
22. Bc2 Nf4 23. b4 Ncd3 24. Bxd3 Nxd3 25. Rxc8 Qxc8 26. Nb1 Nb2 27. Qc1 Qxc1+
28. Bxc1 Nc4 29. Nfd2 Nb6 30. Nb3 f5 31. f3 Kf7 32. Kf2 Bf6 33. Ke2 h5 34. Be3
Nc4 35. Bc1 Bd8 36. N1d2 Nb6 37. Na5 Bc8 38. Nc6 Bf6 39. Nb3 g5 40. Nba5 g4 41.
hxg4 fxe4 42. fxe4 Bxg4+ 43. Kd3 h4 44. Nb8 Bc8 45. Be3 Na4 46. Nbc6 Kg6 47.
Na7 Bg4 48. Nb7 Nb2+ 49. Kc2 Nc4 50. Bc1 Be2 51. Nc8 Bf1 52. Ncxd6 Bxg2 53.
Nxc4 Bxe4+ 54. Kd1 bxc4 55. Be3 h3 56. Bg1 c3 57. Nc5 c2+ 58. Ke2 c1=Q 0-1

[Event "81759 VII. Rakosmente Open"]
[Site "Budapest, Hungary"]
[Date "2013.09.14"]
[Round "3.6"]
[White "Makrai, Bence"]
[Black "Yip, Michael"]
[Result "0-1"]
[WhiteElo "1486"]
[BlackElo "1993"]
[PlyCount "90"]
[EventDate "2013.??.??"]

1. e4 c5 2. Nf3 e6 3. d4 cxd4 4. Nxd4 a6 5. c4 Nf6 6. Nc3 Bb4 7. Bd3 Nc6 8.
Nxc6 dxc6 9. Qc2 e5 10. a3 Be7 11. O-O O-O 12. Be3 a5 13. Rad1 Qc7 14. c5 Be6
15. Ne2 Nd7 16. f4 f6 17. Bc4 Bf7 18. f5 Kh8 19. Qb3 Nxc5 20. Qc2 Bxc4 21. Qxc4
b5 22. Qc2 Nb7 23. Rc1 Rac8 24. Nc3 Bd6 25. Qf2 Qe7 26. Rc2 Rfd8 27. Rfc1 Qe8
28. g4 Qf8 29. h4 h6 30. Kh1 Nc5 31. Qf3 b4 32. Nb1 Nd3 33. Rd1 Bc5 34. Bxc5
Nxc5 35. Rcd2 Rxd2 36. Rxd2 Rd8 37. axb4 axb4 38. Rxd8 Qxd8 39. Qe3 Qd1+ 40.
Kh2 Qxb1 41. Qxc5 Qxb2+ 42. Kh1 Qb1+ 43. Kh2 Qxe4 44. Qf8+ Kh7 45. Qc5 b3 0-1

[Event "81759 VII. Rakosmente Open"]
[Site "Budapest, Hungary"]
[Date "2013.09.14"]
[Round "3.8"]
[White "Bartuszek, Andras"]
[Black "Lakatos, Tamas"]
[Result "1-0"]
[WhiteElo "1899"]
[BlackElo "1441"]
[PlyCount "29"]
[EventDate "2013.??.??"]

1. e4 c5 2. Nf3 e6 3. d4 cxd4 4. Nxd4 Nc6 5. Be3 a6 6. Nc3 Nf6 7. f3 Be7 8. Qd2
b6 9. O-O-O Nxd4 10. Bxd4 Bb7 11. Qf2 b5 12. Kb1 Rc8 13. Bb6 Rc7 14. Qg3 O-O
15. Bxc7 1-0

[Event "81759 VII. Rakosmente Open"]
[Site "Budapest, Hungary"]
[Date "2013.09.14"]
[Round "3.12"]
[White "Major, Marcell"]
[Black "Novak, Levente Peter"]
[Result "1-0"]
[WhiteElo "1516"]
[BlackElo "1411"]
[PlyCount "109"]
[EventDate "2013.??.??"]

1. e4 c5 2. Nf3 d6 3. d4 cxd4 4. Nxd4 Nc6 5. Be3 g6 6. c4 Bg7 7. Nc3 Nf6 8. Qd2
O-O 9. f3 Bd7 10. O-O-O a6 11. g4 Rc8 12. h4 Ne5 13. b3 a5 14. a4 Nc6 15. h5
Nxd4 16. Bxd4 Re8 17. Nd5 Nxd5 18. Bxg7 Nf6 19. Bxf6 exf6 20. Qh6 Re7 21. hxg6
fxg6 22. Rxd6 Rf7 23. Qd2 Qe7 24. Qd5 Bc6 25. Qd4 Rff8 26. Qd3 Rcd8 27. c5 Rxd6
28. Qxd6 Qxd6 29. cxd6 Rd8 30. Bc4+ Kg7 31. Rd1 Bd7 32. Rd4 Kh6 33. Rd5 Be6 34.
Rxa5 Bxc4 35. bxc4 Rxd6 36. Rd5 Rc6 37. c5 Ra6 38. Rd4 Ra5 39. Rc4 Kg5 40. Kd2
h5 41. gxh5 gxh5 42. Ke3 h4 43. f4+ Kg4 44. e5 fxe5 45. fxe5+ Kg3 46. e6 Ra8
47. Ke4 h3 48. Ke5 h2 49. Rc1 Rc8 50. Kd6 b6 51. c6 Kg2 52. c7 b5 53. axb5 Kg3
54. Kd7 Rxc7+ 55. Kxc7 1-0

[Event "81759 VII. Rakosmente Open"]
[Site "Budapest, Hungary"]
[Date "2013.09.14"]
[Round "4.1"]
[White "Marosi, Levente"]
[Black "Suranyi, Pal"]
[Result "0-1"]
[WhiteElo "2037"]
[BlackElo "2108"]
[PlyCount "56"]
[EventDate "2013.??.??"]

1. e4 c5 2. Nf3 d6 3. d4 cxd4 4. Nxd4 Nf6 5. Nc3 a6 6. Bg5 e6 7. f4 Qc7 8. Bxf6
gxf6 9. Qd2 b5 10. a4 bxa4 11. Rxa4 Bd7 12. Bb5 Qb7 13. Bxd7+ Nxd7 14. Nb3 Nb6
15. Na5 Qc7 16. Ra2 d5 17. exd5 Bb4 18. Nc6 Bxc3 19. bxc3 Nxd5 20. Nb4 Qc4 21.
Ra3 Rd8 22. Nxd5 Rxd5 23. Qe3 O-O 24. Kf2 Rfd8 25. Re1 Rd2+ 26. Kg1 Qd5 27.
Qg3+ Kh8 28. Rxa6 Rg8 0-1

[Event "81759 VII. Rakosmente Open"]
[Site "Budapest, Hungary"]
[Date "2013.09.14"]
[Round "4.2"]
[White "Piroska, Istvan"]
[Black "Szoukup, Istvan"]
[Result "1-0"]
[WhiteElo "2115"]
[BlackElo "1767"]
[PlyCount "69"]
[EventDate "2013.??.??"]

1. e4 e5 2. Nf3 Nc6 3. Bc4 Bc5 4. c3 Nf6 5. d4 exd4 6. e5 d5 7. Bb5 Qe7 8. O-O
Ne4 9. cxd4 Bb6 10. Nc3 Nxc3 11. bxc3 O-O 12. a4 a6 13. Ba3 Qxa3 14. Rxa3 axb5
15. a5 Nxa5 16. Qb1 Bd7 17. Ng5 g6 18. f4 c6 19. f5 Nc4 20. Rxa8 Rxa8 21. fxg6
fxg6 22. Nxh7 Nxe5 23. Nf6+ Kg7 24. Nxd7 Nxd7 25. Qe1 Bd8 26. Qe6 Nf6 27. g4 g5
28. h4 Kg6 29. hxg5 Kxg5 30. Qf5+ Kh4 31. g5 Ng4 32. Qh7+ Kg3 33. Qxb7 Ra2 34.
Qb8+ Ne5 35. Qxe5+ 1-0